|
|
|
|
| LEADER |
00000cam a2200000 7i4500 |
| 001 |
0000001976 |
| 005 |
20020731.0 |
| 090 |
0 |
0 |
|a R634.9734209595
|b WAT 1928
|
| 100 |
1 |
0 |
|a WATSON
|h J. G. [
|q (James Gilbert)]
|
| 245 |
1 |
0 |
|a Mangrove forests of the Malay Peninsula
|c by J.G. Watson
|
| 260 |
0 |
0 |
|a Kuala Lumpur :
|b Forest Department ,
|c 1928
|
| 300 |
|
|
|a 275 p., 31 plates :
|b ill. ;
|c 26 cm.
|
| 440 |
0 |
0 |
|a Malayan forest records; no.6
|
| 500 |
0 |
0 |
|a Bibliography: p.237-240 and index
|
| 650 |
0 |
0 |
|a Forests and forestry
|z Peninsular Malaysia
|
| 650 |
0 |
0 |
|a Mangrove
|z Peninsular Malaysia
|
| 998 |
|
|
|a JPSM
|
| 999 |
|
|
|a 0000002846
|b Monograph
|c Reference
|e Default branch
|